Statistics for All Valid Dinosaur Genera

Click here to take the quiz!

General Stats

  • This quiz has been taken 1,900 times
  • The average score is 133 of 1068

Answer Stats

Valid Genera% Correct
Tyrannosaurus
93%
Triceratops
86%
Velociraptor
84%
Spinosaurus
83%
Brachiosaurus
82%
Stegosaurus
82%
Allosaurus
80%
Ankylosaurus
77%
Diplodocus
75%
Utahraptor
75%
Apatosaurus
74%
Carnotaurus
74%
Iguanodon
74%
Parasaurolophus
74%
Baryonyx
73%
Giganotosaurus
72%
Pachycephalosaurus
72%
Dilophosaurus
71%
Deinonychus
70%
Albertosaurus
69%
Argentinosaurus
68%
Brontosaurus
67%
Ceratosaurus
67%
Edmontosaurus
67%
Oviraptor
66%
Gallimimus
65%
Suchomimus
65%
Therizinosaurus
65%
Kentrosaurus
64%
Protoceratops
64%
Tarbosaurus
64%
Styracosaurus
63%
Microraptor
62%
Carcharodontosaurus
61%
Megalosaurus
60%
Pachyrhinosaurus
60%
Acrocanthosaurus
59%
Coelophysis
59%
Compsognathus
59%
Corythosaurus
59%
Deinocheirus
57%
Torosaurus
57%
Amargasaurus
56%
Gorgosaurus
56%
Ornithomimus
56%
Archaeopteryx
55%
Camarasaurus
55%
Plateosaurus
55%
Irritator
54%
Majungasaurus
54%
Herrerasaurus
53%
Lambeosaurus
53%
Pentaceratops
53%
Cryolophosaurus
52%
Yutyrannus
52%
Daspletosaurus
51%
Maiasaura
51%
Saurolophus
51%
Struthiomimus
51%
Eoraptor
50%
Mamenchisaurus
50%
Torvosaurus
50%
Centrosaurus
49%
Yi
49%
Abelisaurus
48%
Pyroraptor
48%
Sinoceratops
48%
Dakotaraptor
47%
Dryosaurus
47%
Guanlong
47%
Megaraptor
47%
Nigersaurus
47%
Ouranosaurus
47%
Psittacosaurus
47%
Gigantoraptor
46%
Sauropelta
46%
Alamosaurus
45%
Chasmosaurus
45%
Dromaeosaurus
45%
Euoplocephalus
45%
Giraffatitan
45%
Hadrosaurus
45%
Mapusaurus
44%
Minmi
44%
Nodosaurus
44%
Alioramus
43%
Dreadnoughtus
43%
Saltasaurus
43%
Australovenator
42%
Saurophaganax
42%
Supersaurus
42%
Barosaurus
41%
Barrosaurus
41%
Monolophosaurus
41%
Muttaburrasaurus
41%
Atrociraptor
40%
Concavenator
40%
Ornitholestes
40%
Austroraptor
39%
Edmontonia
39%
Proceratosaurus
39%
Rajasaurus
39%
Sauroposeidon
39%
Tyrannotitan
39%
Nasutoceratops
38%
Sinosauropteryx
38%
Camptosaurus
37%
Miragaia
37%
Mononykus
37%
Olorotitan
37%
Tsintaosaurus
37%
Yangchuanosaurus
37%
Nanuqsaurus
36%
Shantungosaurus
36%
Diabloceratops
35%
Gigantspinosaurus
35%
Rugops
35%
Stegoceras
35%
Achillobator
34%
Anzu
34%
Einiosaurus
34%
Heterodontosaurus
34%
Hypsilophodon
34%
Polacanthus
34%
Qianzhousaurus
34%
Shunosaurus
34%
Wuerhosaurus
34%
Borealopelta
33%
Citipati
33%
Dilong
33%
Ichthyovenator
33%
Metriacanthosaurus
33%
Neovenator
33%
Homalocephale
32%
Patagotitan
32%
Sinraptor
32%
Tenontosaurus
32%
Bajadasaurus
31%
Eustreptospondylus
31%
Kosmoceratops
31%
Thanos
31%
Zuniceratops
31%
Antarctopelta
30%
Eotriceratops
30%
Huayangosaurus
30%
Lythronax
30%
Nothronychus
30%
Scelidosaurus
30%
Europasaurus
29%
Fukuiraptor
29%
Micropachycephalosaurus
29%
Moros
29%
Saichania
29%
Sinosaurus
29%
Stenonychosaurus
29%
Tarchia
29%
Bambiraptor
28%
Gastonia
28%
Leptoceratops
28%
Microceratus
28%
Prenocephale
28%
Procompsognathus
28%
Afrovenator
27%
Deltadromeus
27%
Masiakasaurus
27%
Skorpiovenator
27%
Tuojiangosaurus
27%
Albertaceratops
26%
Archaeornithomimus
26%
Dryptosaurus
26%
Eotyrannus
26%
Leaellynasaura
26%
Magyarosaurus
26%
Prosaurolophus
26%
Sinornithosaurus
26%
Udanoceratops
26%
Beipiaosaurus
25%
Dicraeosaurus
25%
Massospondylus
25%
Mei
25%
Pinacosaurus
25%
Thescelosaurus
25%
Zalmoxes
25%
Zhuchengtyrannus
25%
Anchiornis
24%
Coelurus
24%
Fukuisaurus
24%
Scutellosaurus
24%
Alectrosaurus
23%
Alvarezsaurus
23%
Anchisaurus
23%
Caudipteryx
23%
Dacentrurus
23%
Hesperosaurus
23%
Lesothosaurus
23%
Teratophoneus
23%
Aardonyx
22%
Avimimus
22%
Charonosaurus
22%
Chungkingosaurus
22%
Gasosaurus
22%
Gryposaurus
22%
Pelecanimimus
22%
Saurornitholestes
22%
Zuul
22%
Acheroraptor
21%
Aucasaurus
21%
Balaur
21%
Cetiosaurus
21%
Mantellisaurus
21%
Noasaurus
21%
Orodromeus
21%
Rapetosaurus
21%
Titanoceratops
21%
Avaceratops
20%
Corythoraptor
20%
Denversaurus
20%
Erlikosaurus
20%
Falcarius
20%
Hylaeosaurus
20%
Hypacrosaurus
20%
Isisaurus
20%
Nanosaurus
20%
Omeisaurus
20%
Paralititan
20%
Segnosaurus
20%
Siats
20%
Vulcanodon
20%
Ampelosaurus
19%
Buitreraptor
19%
Dracovenator
19%
Fukuivenator
19%
Mussaurus
19%
Nemegtosaurus
19%
Rebbachisaurus
19%
Shuvuuia
19%
Utahceratops
19%
Xenoceratops
19%
Achelousaurus
18%
Anchiceratops
18%
Elaphrosaurus
18%
Latenivenatrix
18%
Lurdusaurus
18%
Magnapaulia
18%
Medusaceratops
18%
Regaliceratops
18%
Rhabdodon
18%
Unenlagia
18%
Yinlong
18%
Amphicoelias
17%
Appalachiosaurus
17%
Dynamoterror
17%
Epidexipteryx
17%
Gargoyleosaurus
17%
Halszkaraptor
17%
Jobaria
17%
Juravenator
17%
Kritosaurus
17%
Kulindadromeus
17%
Marshosaurus
17%
Riojasaurus
17%
Struthiosaurus
17%
Suskityrannus
17%
Aegyptosaurus
16%
Aerosteon
16%
Antarctosaurus
16%
Barsboldia
16%
Bistahieversor
16%
Brachylophosaurus
16%
Chilesaurus
16%
Koreaceratops
16%
Liliensternus
16%
Puertasaurus
16%
Rahonavis
16%
Saurornithoides
16%
Sinotyrannus
16%
Altispinax
15%
Aquilops
15%
Australotitan
15%
Bagaceratops
15%
Bahariasaurus
15%
Eocarcharia
15%
Incisivosaurus
15%
Panoplosaurus
15%
Parksosaurus
15%
Staurikosaurus
15%
Tsaagan
15%
Adasaurus
14%
Anodontosaurus
14%
Indosuchus
14%
Khaan
14%
Lusotitan
14%
Opisthocoelicaudia
14%
Scipionyx
14%
Stokesosaurus
14%
Wendiceratops
14%
Alaskacephale
13%
Brachytrachelopan
13%
Chirostenotes
13%
Conchoraptor
13%
Diamantinasaurus
13%
Iguanacolossus
13%
Limusaurus
13%
Oryctodromeus
13%
Pegomastax
13%
Pycnonemosaurus
13%
Siamotyrannus
13%
Tethyshadros
13%
Velocisaurus
13%
Altirhinus
12%
Archaeoceratops
12%
Bonitasaura
12%
Daemonosaurus
12%
Eolambia
12%
Fruitadens
12%
Juratyrant
12%
Kunbarrasaurus
12%
Liaoningosaurus
12%
Maraapunisaurus
12%
Orkoraptor
12%
Scansoriopteryx
12%
Scolosaurus
12%
Segisaurus
12%
Sinovenator
12%
Thanatotheristes
12%
Tianyulong
12%
Wannanosaurus
12%
Zby
12%
Zupaysaurus
12%
Abrictosaurus
11%
Andesaurus
11%
Arrhinoceratops
11%
Bactrosaurus
11%
Barapasaurus
11%
Cedarosaurus
11%
Dakotadon
11%
Ekrixinatosaurus
11%
Goyocephale
11%
Indosaurus
11%
Kryptops
11%
Linheraptor
11%
Lufengosaurus
11%
Montanoceratops
11%
Patagosaurus
11%
Piatnitzkysaurus
11%
Rapator
11%
Saltriovenator
11%
Sarahsaurus
11%
Sauroniops
11%
Tawa
11%
Telmatosaurus
11%
Xenotarsosaurus
11%
Agustinia
10%
Albertonykus
10%
Alxasaurus
10%
Amurosaurus
10%
Atlasaurus
10%
Austroposeidon
10%
Austrosaurus
10%
Eoabelisaurus
10%
Fukuititan
10%
Garudimimus
10%
Glacialisaurus
10%
Haplocanthosaurus
10%
Hesperonychus
10%
Jeholosaurus
10%
Kaatedocus
10%
Malawisaurus
10%
Nipponosaurus
10%
Qantassaurus
10%
Spectrovenator
10%
Stellasaurus
10%
Streptospondylus
10%
Talarurus
10%
Tanycolagreus
10%
Thecodontosaurus
10%
Timimus
10%
Zephyrosaurus
10%
Zhenyuanlong
10%
Ambopteryx
9%
Anserimimus
9%
Asfaltovenator
9%
Beishanlong
9%
Coahuilaceratops
9%
Dromiceiomimus
9%
Eodromaeus
9%
Europelta
9%
Genyodectes
9%
Gobisaurus
9%
Harpymimus
9%
Hippodraco
9%
Kileskus
9%
Lourinhanosaurus
9%
Machairoceratops
9%
Microvenator
9%
Mymoorapelta
9%
Pantydraco
9%
Sarcosaurus
9%
Sinornithomimus
9%
Tylocephale
9%
Ubirajara
9%
Velafrons
9%
Yunnanosaurus
9%
Zanabazar
9%
Abrosaurus
8%
Agilisaurus
8%
Agujaceratops
8%
Animantarx
8%
Atlascopcosaurus
8%
Byronosaurus
8%
Coronosaurus
8%
Draconyx
8%
Hesperornithoides
8%
Isanosaurus
8%
Jaxartosaurus
8%
Koreanosaurus
8%
Lessemsaurus
8%
Lourinhasaurus
8%
Melanorosaurus
8%
Navajoceratops
8%
Ozraptor
8%
Protarchaeopteryx
8%
Santanaraptor
8%
Saturnalia
8%
Sciurumimus
8%
Secernosaurus
8%
Sinocalliopteryx
8%
Spinops
8%
Tlatolophus
8%
Turanoceratops
8%
Vagaceratops
8%
Vallibonavenatrix
8%
Wintonotitan
8%
Xinjiangtitan
8%
Borogovia
7%
Bradycneme
7%
Caenagnathus
7%
Caihong
7%
Cedarpelta
7%
Cetiosauriscus
7%
Chilantaisaurus
7%
Crichtonpelta
7%
Dineobellator
7%
Dracoraptor
7%
Gnathovorax
7%
Gobiraptor
7%
Gobivenator
7%
Graciliceratops
7%
Gualicho
7%
Hungarosaurus
7%
Imperobator
7%
Macrogryphosaurus
7%
Patagonykus
7%
Pawpawsaurus
7%
Peloroplites
7%
Probactrosaurus
7%
Rinchenia
7%
Sonorasaurus
7%
Spinophorosaurus
7%
Talos
7%
Turiasaurus
7%
Vespersaurus
7%
Wiehenvenator
7%
Xenoposeidon
7%
Aeolosaurus
6%
Ajnabia
6%
Albertadromeus
6%
Amazonsaurus
6%
Bonapartenykus
6%
Borealosaurus
6%
Brontomerus
6%
Buriolestes
6%
Callovosaurus
6%
Chindesaurus
6%
Dracopelta
6%
Emausaurus
6%
Europatitan
6%
Janenschia
6%
Limaysaurus
6%
Mercuriceratops
6%
Minotaurasaurus
6%
Murusraptor
6%
Neuquensaurus
6%
Nqwebasaurus
6%
Paludititan
6%
Proa
6%
Rhoetosaurus
6%
Shaochilong
6%
Sinornithoides
6%
Sphaerotholus
6%
Spiclypeus
6%
Unaysaurus
6%
Valdosaurus
6%
Variraptor
6%
Wulong
6%
Xiongguanlong
6%
Zigongosaurus
6%
Abydosaurus
5%
Acrotholus
5%
Adratiklit
5%
Ajkaceratops
5%
Albertavenator
5%
Amargatitanis
5%
Apatoraptor
5%
Aralosaurus
5%
Arcovenator
5%
Beg
5%
Bonapartesaurus
5%
Bravoceratops
5%
Changyuraptor
5%
Condorraptor
5%
Datousaurus
5%
Dongbeititan
5%
Dysalotosaurus
5%
Echinodon
5%
Eocursor
5%
Galeamopus
5%
Gasparinisaura
5%
Gondwanatitan
5%
Haplocheirus
5%
Isaberrysaura
5%
Jinfengopteryx
5%
Kol
5%
Kurupi
5%
Labocania
5%
Liaoceratops
5%
Linhenykus
5%
Loricatosaurus
5%
Magnosaurus
5%
Mahakala
5%
Morrosaurus
5%
Nanshiungosaurus
5%
Nemegtomaia
5%
Paraxenisaurus
5%
Parvicursor
5%
Pelorosaurus
5%
Protohadros
5%
Savannasaurus
5%
Shri
5%
Siamraptor
5%
Silvisaurus
5%
Stegopelta
5%
Suuwassea
5%
Terminocavus
5%
Tianyuraptor
5%
Timurlengia
5%
Ulughbegsaurus
5%
Uteodon
5%
Viavenator
5%
Zhuchengceratops
5%
Zuolong
5%
Acristavus
4%
Adamantisaurus
4%
Aepyornithomimus
4%
Akainacephalus
4%
Aletopelta
4%
Alwalkeria
4%
Anoplosaurus
4%
Arkansaurus
4%
Augustynolophus
4%
Auroraceratops
4%
Australodocus
4%
Barilium
4%
Bellusaurus
4%
Brasilotitan
4%
Camarillasaurus
4%
Camelotia
4%
Chenanisaurus
4%
Dubreuillosaurus
4%
Duriavenator
4%
Dyoplosaurus
4%
Efraasia
4%
Elmisaurus
4%
Enigmosaurus
4%
Eotrachodon
4%
Erectopus
4%
Gobititan
4%
Graciliraptor
4%
Guaibasaurus
4%
Heyuannia
4%
Hoplitosaurus
4%
Jinzhousaurus
4%
Ledumahadi
4%
Lusovenator
4%
Mirischia
4%
Ninjatitan
4%
Niobrarasaurus
4%
Notocolossus
4%
Oksoko
4%
Overosaurus
4%
Pampadromaeus
4%
Panphagia
4%
Paranthodon
4%
Probrachylophosaurus
4%
Quaesitosaurus
4%
Shamosaurus
4%
Talenkauen
4%
Tratayenia
4%
Trierarchuncus
4%
Unescoceratops
4%
Veterupristisaurus
4%
Yulong
4%
Zaraapelta
4%
Zhuchengtitan
4%
Ziapelta
4%
Abdarainurus
3%
Acantholipan
3%
Acanthopholis
3%
Achillesaurus
3%
Adeopapposaurus
3%
Afromimus
3%
Almas
3%
Amygdalodon
3%
Anabisetia
3%
Angolatitan
3%
Antetonitrus
3%
Aorun
3%
Aragosaurus
3%
Arenysaurus
3%
Argyrosaurus
3%
Aurornis
3%
Aviatyrannis
3%
Bagaraatan
3%
Bagualia
3%
Bagualosaurus
3%
Banji
3%
Baurutitan
3%
Beibeilong
3%
Bolong
3%
Bonatitan
3%
Camposaurus
3%
Ceratonykus
3%
Chaoyangsaurus
3%
Citipes
3%
Claosaurus
3%
Colepiocephale
3%
Crittendenceratops
3%
Cumnoria
3%
Daxiatitan
3%
Demandasaurus
3%
Diluvicursor
3%
Eomamenchisaurus
3%
Eosinopteryx
3%
Erketu
3%
Erliansaurus
3%
Fostoria
3%
Glyptodontopelta
3%
Gobihadros
3%
Hagryphus
3%
Haya
3%
Hexing
3%
Huaxiagnathus
3%
Ingentia
3%
Invictarx
3%
Jainosaurus
3%
Judiceratops
3%
Kaijutitan
3%
Kamuysaurus
3%
Kayentavenator
3%
Kelmayisaurus
3%
Kotasaurus
3%
Leinkupal
3%
Liaoningvenator
3%
Lingwulong
3%
Linhevenator
3%
Llukalkan
3%
Lophostropheus
3%
Lycorhinus
3%
Manidens
3%
Martharaptor
3%
Menefeeceratops
3%
Mochlodon
3%
Neimongosaurus
3%
Nemegtonykus
3%
Nodocephalosaurus
3%
Oceanotitan
3%
Overoraptor
3%
Pamparaptor
3%
Pararhabdodon
3%
Podokesaurus
3%
Prenoceratops
3%
Propanoplosaurus
3%
Qiupalong
3%
Rativates
3%
Sarmientosaurus
3%
Sauroplites
3%
Serendipaceratops
3%
Shanag
3%
Similicaudipteryx
3%
Sinankylosaurus
3%
Spinostropheus
3%
Stenopelix
3%
Tanius
3%
Tapuiasaurus
3%
Tatankacephalus
3%
Texacephale
3%
Tornieria
3%
Trinisaura
3%
Uberabatitan
3%
Venenosaurus
3%
Wamweracaudia
3%
Xuanhanosaurus
3%
Yamatosaurus
3%
Yandusaurus
3%
Yaverlandia
3%
Yehuecauhceratops
3%
Yingshanosaurus
3%
Ypupiara
3%
Adelolophus
2%
Adynomosaurus
2%
Ahshislepelta
2%
Albalophosaurus
2%
Albinykus
2%
Alcmonavis
2%
Amanzia
2%
Analong
2%
Angulomastacator
2%
Aquilarhinus
2%
Aratasaurus
2%
Archaeornithoides
2%
Atacamatitan
2%
Baalsaurus
2%
Bannykus
2%
Berberosaurus
2%
Betasuchus
2%
Bicentenaria
2%
Blasisaurus
2%
Boreonykus
2%
Caenagnathasia
2%
Cathartesaura
2%
Cathetosaurus
2%
Cerasinops
2%
Changmiania
2%
Chubutisaurus
2%
Coloradisaurus
2%
Dahalokely
2%
Datanglong
2%
Duriatitan
2%
Dyslocosaurus
2%
Eousdryosaurus
2%
Equijubus
2%
Eshanosaurus
2%
Euelophus
2%
Ferrisaurus
2%
Foraminacephale
2%
Fusuisaurus
2%
Futalgonkosaurus
2%
Fylax
2%
Galleonosaurus
2%
Geminiraptor
2%
Genusaurus
2%
Gideonmantellia
2%
Gilmoreosaurus
2%
Gravitholus
2%
Gryphoceratops
2%
Hanssuesia
2%
Helioceratops
2%
Huabeisaurus
2%
Hualianceratops
2%
Huanghetitan
2%
Huehuecanauhtlus
2%
Huinculsaurus
2%
Hulsanpes
2%
Hypselospinus
2%
Hypsibema
2%
Ilokelesia
2%
Jianchangosaurus
2%
Jiangjunosaurus
2%
Jianianhualong
2%
Jingshanosaurus
2%
Jinyunpelta
2%
Kerberosaurus
2%
Klamelisaurus
2%
Koshisaurus
2%
Kundurosaurus
2%
Lajasvenator
2%
Lapampasaurus
2%
Laplatasaurus
2%
Lapparentosaurus
2%
Laquintasaura
2%
Latirhinus
2%
Lepidus
2%
Leshansaurus
2%
Liaoningotitan
2%
Lohuecotitan
2%
Macrocollum
2%
Mandschurosaurus
2%
Mansourasaurus
2%
Matheronodon
2%
Maxakalisaurus
2%
Mendozasaurus
2%
Mnyamawamtuka
2%
Moabosaurus
2%
Mongolosaurus
2%
Mongolostegus
2%
Morelladon
2%
Nedcolbertia
2%
Neuquenraptor
2%
Ngwevu
2%
Niebla
2%
Notohypsilophodon
2%
Ojoraptorsaurus
2%
Ornatops
2%
Ostromia
2%
Owenodon
2%
Panamericansaurus
2%
Philovenator
2%
Phuwiangosaurus
2%
Pilmatueia
2%
Piveteausaurus
2%
Plateosauravus
2%
Platypelta
2%
Plesiohadros
2%
Poekilopleuron
2%
Qiupanykus
2%
Richardoestesia
2%
Rocasaurus
2%
Ruyangosaurus
2%
Sanjuansaurus
2%
Serikornis
2%
Shenzhousaurus
2%
Shingopana
2%
Sibirotitan
2%
Sinusonasus
2%
Suzhousaurus
2%
Tachiraptor
2%
Tambatitanis
2%
Tendaguria
2%
Tongtianlong
2%
Tototlmimus
2%
Trigonosaurus
2%
Tsagantegia
2%
Vahiny
2%
Velocipes
2%
Volgatitan
2%
Volkheimeria
2%
Weewarrasaurus
2%
Xiaotingia
2%
Xuwulong
2%
Yimenosaurus
2%
Yixianosaurus
2%
Yurgovuchia
2%
Zapalasaurus
2%
Alnashetri
1%
Amtocephale
1%
Anasazisaurus
1%
Anhuilong
1%
Aniksosaurus
1%
Anomalipes
1%
Arackar
1%
Aristosuchus
1%
Arrudatitan
1%
Astrophocaudia
1%
Asylosaurus
1%
Atsinganosaurus
1%
Batyrosaurus
1%
Bayannurosaurus
1%
Bissektipelta
1%
Blikanasaurus
1%
Burianosaurus
1%
Calamosaurus
1%
Canardia
1%
Cedrorestes
1%
Changchunsaurus
1%
Chebsaurus
1%
Chinshakiangosaurus
1%
Choconsaurus
1%
Choyrodon
1%
Chromogisaurus
1%
Chuanjiesaurus
1%
Chuanqilong
1%
Convolosaurus
1%
Daanosaurus
1%
Daliansaurus
1%
Dashanpusaurus
1%
Datonglong
1%
Dongyangopelta
1%
Dzharatitanis
1%
Elaltitan
1%
Elrhazosaurus
1%
Epachthosaurus
1%
Epichirostenotes
1%
Erythrovenator
1%
Eucnemesaurus
1%
Ferganasaurus
1%
Galvesaurus
1%
Gannansaurus
1%
Ganzhousaurus
1%
Gongxianosaurus
1%
Haestasaurus
1%
Hexinlusaurus
1%
Histriasaurus
1%
Horshamosaurus
1%
Huanansaurus
1%
Hudiesaurus
1%
Isasicursor
1%
Ischioceratops
1%
Itapeuasaurus
1%
Itemirus
1%
Jeyawati
1%
Jiangxisaurus
1%
Jinbeisaurus
1%
Kangnasaurus
1%
Kazaklambia
1%
Laevisuchus
1%
Laiyangosaurus
1%
Lanzhousaurus
1%
Leonerasaurus
1%
Leptorhynchos
1%
Leyesaurus
1%
Ligabueino
1%
Ligabuesaurus
1%
Lirainosaurus
1%
Lophorhothon
1%
Losillasaurus
1%
Luanchuanraptor
1%
Lucianovenator
1%
Machairasaurus
1%
Magnamanus
1%
Malarguesaurus
1%
Meroktenos
1%
Mierasaurus
1%
Mosaiceratops
1%
Naashoibitosaurus
1%
Nankangia
1%
Nebulasaurus
1%
Notatesseraeraptor
1%
Nullotitan
1%
Ohmdenosaurus
1%
Oohkotokia
1%
Ornithopsis
1%
Padillasaurus
1%
Pandoravenator
1%
Panguraptor
1%
Parrosaurus
1%
Pedopenna
1%
Pellegrinisaurus
1%
Petrobrasaurus
1%
Phuwiangvenator
1%
Planicoxa
1%
Powellvenator
1%
Pulanesaura
1%
Qijianglong
1%
Quetecsaurus
1%
Rahiolisaurus
1%
Rayososaurus
1%
Rinconsaurus
1%
Rukwatitan
1%
Sanpasaurus
1%
Schleitheimia
1%
Sefapanosaurus
1%
Seitaad
1%
Shidaisaurus
1%
Shishugounykus
1%
Siamodon
1%
Silutitan
1%
Smitanosaurus
1%
Sonidosaurus
1%
Soriatitan
1%
Tamarro
1%
Tangvayosaurus
1%
Taohelong
1%
Tarchia teresae
1%
Tastavinsaurus
1%
Tazoudasaurus
1%
Tianchisaurus
1%
Tochisaurus
1%
Tralkasaurus
1%
Tugulusaurus
1%
Urbacodon
1%
Vayuraptor
1%
Vectaerovenator
1%
Vouivria
1%
Wulagasaurus
1%
Wulatelong
1%
Xinjiangovenator
1%
Xixianykus
1%
Xixiasaurus
1%
Xiyunykus
1%
Xuanhuaceratops
1%
Yizhousaurus
1%
Yueosaurus
1%
Zhongjianosaurus
1%
Zuoyunlong
1%
Arcusaurus
0%
Bainoceratops
0%
Baotianmansaurus
0%
Bravasaurus
0%
Chuandongocoelurus
0%
Chuxiongosaurus
0%
Comahuesaurus
0%
Dongyangosaurus
0%
Drusilasaura
0%
Eucamerotus
0%
Fushanosaurus
0%
Garrigatitan
0%
Gongpoquansaurus
0%
Hamititan
0%
Huangshanlong
0%
Ignavusaurus
0%
Irisosaurus
0%
Jaklapallisaurus
0%
Jiangshanosaurus
0%
Jintasaurus
0%
Jiutaisaurus
0%
Kaijiangosaurus
0%
Kansaignathus
0%
Karongasaurus
0%
Katepensaurus
0%
Kholumolumo
0%
Kinnareemimus
0%
Kukufeldia
0%
Lamplughsaura
0%
Lavocatisaurus
0%
Levnesovia
0%
Lingyuanosaurus
0%
Liubangosaurus
0%
Luoyanggia
0%
Mahuidacursor
0%
Muyelensaurus
0%
Nambalia
0%
Nanningosaurus
0%
Nanyangosaurus
0%
Narambuenatitan
0%
Narindasaurus
0%
Ningyuansaurus
0%
Nopcsaspondylus
0%
Normanniasaurus
0%
Osmakasaurus
0%
Otogosaurus
0%
Pareisactus
0%
Penelopognathus
0%
Phyllodon
0%
Pitekunsaurus
0%
Portellsaurus
0%
Pradhania
0%
Priconodon
0%
Qiaowanlong
0%
Qingxiusaurus
0%
Riabininohadros
0%
Ruehleia
0%
Sahaliyania
0%
Sanxiasaurus
0%
Sektensaurus
0%
Shixinggia
0%
Shuangmiaosaurus
0%
Sirindhorna
0%
Tataouinea
0%
Tehuelchesaurus
0%
Tengrisaurus
0%
Theiophytalia
0%
Tienshanosaurus
0%
Tonganosaurus
0%
Traukutitan
0%
Triunfosaurus
0%
Wellnhoferia
0%
Xianshanosaurus
0%
Xingtianosaurus
0%
Xingxiulong
0%
Xixiposaurus
0%
Xunmenglong
0%
Yamanasaurus
0%
Yongjinglong
0%
Yuanmousaurus
0%
Yunganglong
0%
Yunmenglong
0%
Yunyangosaurus
0%
Zhanghenglong
0%

Score Distribution

Percentile by Number Answered

Percent of People with Each Score

Your Score History

You have not taken this quiz